000 00432nam a2200157Ia 4500
005 20240607004846.0
008 240331s9999 xx 000 0 und d
020 _a9555720061
082 _bWED
_a362
100 _aSeneviratne, M. ed
245 0 _aWednesday's children :
_bsome case studies of sexually exploited children
260 _aColombo
_bP.E.A.C.E.
_c1997
300 _ax,146 p.,
700 _aSeneviratne, M. ed
942 _cL
999 _c2884
_d2884